| 000 | 00000cas 2200000za 4500 |
| 001 | 9.825985 |
| 003 | CaOODSP |
| 005 | 20260130093705 |
| 007 | cr ||||||||||| |
| 008 | 161018c20159999oncar p o f0 a0eng|d |
| 040 | |aCaOODSP|beng |
| 043 | |an-cn--- |
| 086 | 1 |aNM21-2E-PDF |
| 110 | 2 |aCanadian Museum of History. |
| 245 | 10|aSummary of the corporate plan of the Canadian Museum of History for the planning period ... |h[electronic resource]. |
| 246 | 10|aSummary of the corporate plan |
| 260 | |a[Ottawa] : |bCanadian Museum of History, |c[2014]- |
| 310 | |aAnnual |
| 362 | 1 |aBegan with: 2014/2015 to 2018/2019. |
| 500 | |aIssued also in French under title: Résumé du plan d'entreprise, Musée canadien de l'histoire ... |
| 500 | |aIncludes operating and capital budgets pro-forma financial statements. |
| 692 | 07|2gccst|aMuseums |
| 692 | 07|2gccst|aHistory |
| 692 | 07|2gccst|aBudget planning |
| 775 | 08|tRésumé du plan d'entreprise, Musée canadien de l'histoire, pour la période de planification ... |w(CaOODSP)9.825991 |
| 780 | 00|tSummary of the corporate plan of the Canadian Museum of Civilization Corporation ... |w(CaOODSP)9.507153 |